| 000 | 00510cam a22001452 4500 | ||
|---|---|---|---|
| 082 |
_a624.1713 _bBEN _cL-38 P-111 |
||
| 100 | 1 |
_aBenjamin, Jack R. _942856 |
|
| 245 | 1 | 0 |
_aStatically indeterminate structures; _capproximate analysis by deflected structures and lateral load analysis. |
| 260 |
_aNew York, _bMcGraw-Hill, _c1959. |
||
| 300 |
_a350 p. _billus. _c24 cm. |
||
| 526 |
_a0 _b0 _c0 _d624_171300000000000_BEN |
||
| 650 | 0 |
_aMCE _9379 |
|
| 650 | 0 |
_aStatically indeterminate structures. _926916 |
|
| 942 |
_2ddc _cBK |
||
| 999 |
_c546672 _d546672 |
||